Statistics for SAT Words Impossible Click Quiz - K

Click here to take the quiz!

General Stats

  • This quiz has been taken 67 times
  • The average score is 7 of 18

Answer Stats

HintAnswer% Correct
Clear cherry brandyKirsch
63%
Informal gathering for discussion over coffeeKaffeeklatsch
60%
Political struggle between government and religious authoritiesKulturkampf
60%
War simulation gameKriegspiel
58%
Indian dish of rice, spices, lentils, and sometimes fishKedgeree
53%
Complain or whine excessivelyKvetch
50%
Traditional Arab headscarfKeffiyeh
45%
Flat-weave rug from the Middle EastKilim
43%
Small ridge or indentation; or, small ridges to enhance gripKnurl
38%
Fast-growing climbing vine known for invasivenessKudzu
33%
Be proud and overly pleased; exultKvell
33%
Ghanian handwoven cloth with bright coloursKente
28%
Soft, lightweight, cotton-like fiber used for filling and insulationKapok
25%
Whip used to carry out corporal punishmentKurbash
25%
Finnish zither of many stringsKantele
23%
Metaphorical compound word used in Old Norse and Old EnglishKenning
18%
Mound formed by glacial meltwater sedimentKame
10%
Paper made from fibres from a mulberry bushKozo
8%

Score Distribution

Percentile by Number Answered

Percent of People with Each Score

Your Score History

You have not taken this quiz